[Event "Avoine op 30th"]
[Site "Avoine"]
[Date "2015.07.24"]
[Round "7"]
[White "Legky, Nikolay A"]
[Black "Livet, Florian"]
[Result "1-0"]
[WhiteElo "2420"]
[BlackElo "1830"]
[PlyCount "48"]
[EventDate "2015.07.18"]
[EventType "swiss"]
[EventRounds "9"]
[EventCountry "FRA"]
[SourceTitle "EXT 2016"]
[Source "ChessBase"]
[SourceDate "2015.10.08"]
[SourceVersion "1"]
[SourceVersionDate "2015.10.08"]
[SourceQuality "1"]

1. d4 Nf6 2. Nf3 g6 3. Nc3 d5 4. Bf4 Bg7 5. e3 0-0 6. Be2 c5 7. dxc5 Qa5 8. Nd2 Qxc5 9. Nb3 Qc6 10. 0-0 Nbd7 11. Bf3 e6 12. Qd3 Nc5 13. Qb5 Nxb3 14. Qxc6 bxc6 15. axb3 Nd7 16. Bd6 Re8 17. Ra5 Be5 18. Bxe5 Nxe5 19. Rfa1 Re7 20. Be2 Rc7 21. Ne4 Kg7 22. Nd6 Re7 23. f4 Nd7 24. Rxa7 Rb8 1-0